00534 2200169 4500001002100000005001500021035002000036007000300056008004100059082001100100084001400111245009500125260005500220300003400275650004200309990001300351INLIS00000000000986320220112021150 a0010-0122000064ta220112 g 0 ind  aR. 348 aR. 348 UU aUU Perkebunan Beserta Pertauran Tentang Pertanian 2004 /cPusat Info Data Indonesia (PIDI) aJakarta :bPusat Info Data Indonesia (PIDI),c2005 aviii, 237 hlm ;c15.3 x 21 cm 4aUndang-Undang dan Peraturan-Peraturan a1072.998